Logos de marques en A - Statistiques

Statistiques générales
  • Ce quiz a été pris 490 fois
  • Le résultat moyen est 14 sur 16
Statistiques - réponses
Par images Réponse % Correct
Adidas
100%
Amazon
100%
Apple
100%
Audi
100%
Auchan
98%
Axa
98%
Aston Martin
97%
Android
96%
Aldi
94%
Action
93%
Airbnb
89%
Asics
86%
Allianz
68%
Alpine
57%
Airness
43%
Ali Express
42%
Aucun quiz correspondant
Distribution des résultats
% des personnes avec chaque résultat
Percentile par nombre de réponses
Votre historique - résultats
Vous n’avez pas pris ce quiz